<?xml version="1.0" encoding="UTF-8"?>
<record
    xmlns:xsi="http://www.w3.org/2001/XMLSchema-instance"
    xsi:schemaLocation="http://www.loc.gov/MARC21/slim http://www.loc.gov/standards/marcxml/schema/MARC21slim.xsd"
    xmlns="http://www.loc.gov/MARC21/slim">

  <leader>00635nam a22002177a 4500</leader>
  <controlfield tag="008">240619b        mp ||||| |||| 00| 0 mon d</controlfield>
  <datafield tag="020" ind1=" " ind2=" ">
    <subfield code="a">976-99929-1-142-5</subfield>
  </datafield>
  <datafield tag="035" ind1=" " ind2=" ">
    <subfield code="a">1381</subfield>
  </datafield>
  <datafield tag="040" ind1=" " ind2=" ">
    <subfield code="a">UV1862160</subfield>
    <subfield code="b">mon</subfield>
    <subfield code="c">MN-UlNLM</subfield>
    <subfield code="d">MN-UlNLM</subfield>
    <subfield code="e">rda</subfield>
  </datafield>
  <datafield tag="041" ind1=" " ind2=" ">
    <subfield code="a">mon</subfield>
  </datafield>
  <datafield tag="042" ind1=" " ind2=" ">
    <subfield code="a">1741</subfield>
  </datafield>
  <datafield tag="082" ind1=" " ind2=" ">
    <subfield code="2">10-t</subfield>
    <subfield code="a">894.23</subfield>
    <subfield code="b">&#x41C;.263</subfield>
  </datafield>
  <datafield tag="100" ind1=" " ind2=" ">
    <subfield code="a">&#x41C;&#x430;&#x440;&#x43A;&#x435;&#x441; &#x413;.</subfield>
  </datafield>
  <datafield tag="245" ind1=" " ind2="0">
    <subfield code="a">&#x410;&#x43B;&#x434;&#x430;&#x433;&#x434;&#x441;&#x430;&#x43D; &#x446;&#x430;&#x433;&#x438;&#x439;&#x43D; &#x442;&#x44D;&#x43D;&#x433;&#x438;&#x441;</subfield>
  </datafield>
  <datafield tag="264" ind1=" " ind2=" ">
    <subfield code="a">&#x423;&#x43B;&#x430;&#x430;&#x43D;&#x431;&#x430;&#x430;&#x442;&#x430;&#x440;</subfield>
    <subfield code="b">&#x41C;&#x4E9;&#x43D;&#x445;&#x438;&#x439;&#x43D; &#x4AF;&#x441;&#x44D;&#x433; &#x425;&#x425;&#x41A;</subfield>
    <subfield code="c">2007</subfield>
  </datafield>
  <datafield tag="300" ind1=" " ind2=" ">
    <subfield code="a">108&#x445;.</subfield>
  </datafield>
  <datafield tag="336" ind1=" " ind2=" ">
    <subfield code="2">rdacontent</subfield>
    <subfield code="a">text</subfield>
    <subfield code="b">txt</subfield>
  </datafield>
  <datafield tag="337" ind1=" " ind2=" ">
    <subfield code="2">rdamedia</subfield>
    <subfield code="a">unmediated</subfield>
    <subfield code="b">n</subfield>
  </datafield>
  <datafield tag="338" ind1=" " ind2=" ">
    <subfield code="2">rdacarrier</subfield>
    <subfield code="a">volume</subfield>
    <subfield code="b">nc</subfield>
  </datafield>
  <datafield tag="942" ind1=" " ind2=" ">
    <subfield code="2">10-t</subfield>
    <subfield code="c">BK</subfield>
  </datafield>
  <datafield tag="952" ind1=" " ind2=" ">
    <subfield code="0">0</subfield>
    <subfield code="1">0</subfield>
    <subfield code="4">0</subfield>
    <subfield code="6">89423_&#x41C;263</subfield>
    <subfield code="7">0</subfield>
    <subfield code="8">UV1861</subfield>
    <subfield code="a">UV1862160</subfield>
    <subfield code="b">UV1862160</subfield>
    <subfield code="c">UV1861</subfield>
    <subfield code="d">2024-06-19</subfield>
    <subfield code="g">3800.00</subfield>
    <subfield code="l">0</subfield>
    <subfield code="o">894.23  &#x41C;.263</subfield>
    <subfield code="p">UV1861381-1</subfield>
    <subfield code="r">2024-06-19</subfield>
    <subfield code="t">920</subfield>
    <subfield code="y">BK</subfield>
  </datafield>
  <datafield tag="952" ind1=" " ind2=" ">
    <subfield code="0">0</subfield>
    <subfield code="1">0</subfield>
    <subfield code="4">0</subfield>
    <subfield code="6">89423_&#x41C;263</subfield>
    <subfield code="7">0</subfield>
    <subfield code="8">UV1861</subfield>
    <subfield code="a">UV1862160</subfield>
    <subfield code="b">UV1862160</subfield>
    <subfield code="c">UV1861</subfield>
    <subfield code="d">2024-06-19</subfield>
    <subfield code="g">3800.00</subfield>
    <subfield code="l">0</subfield>
    <subfield code="o">894.23  &#x41C;.263</subfield>
    <subfield code="p">UV1861381-2</subfield>
    <subfield code="r">2024-06-19</subfield>
    <subfield code="t">1567</subfield>
    <subfield code="y">BK</subfield>
  </datafield>
  <datafield tag="999" ind1=" " ind2=" ">
    <subfield code="c">904536</subfield>
    <subfield code="d">904593</subfield>
  </datafield>
</record>
